[Event "1. Wolfgang-Schoebel-Gedenkturnier"]
[Site "Schoeneck"]
[Date "2017.12.28"]
[Round "3"]
[White "Damljanovic, Sreten"]
[Black "Althaus, Lennart"]
[Result "1-0"]
[WhiteElo "1533"]
[BlackElo "1247"]
[PlyCount "121"]
[EventDate "2017.12.27"]
[EventType "swiss"]
[EventRounds "7"]
[EventCountry "GER"]

1. e4 c5 2. Nf3 d6 3. d4 cxd4 4. Nxd4 Nf6 5. Nd2 a6 6. Bc4 e6 7. O-O Be7 8. c3
b5 9. Bd3 Bb7 10. Qc2 Nbd7 11. N2f3 Rc8 12. Bg5 h6 13. Bh4 Nb6 14. Qe2 Nfd7 15.
Bxe7 Qxe7 16. e5 dxe5 17. Nxe5 Qg5 18. Nef3 Qf6 19. Be4 Bxe4 20. Qxe4 O-O 21.
Rfe1 Nc5 22. Qg4 Rfd8 23. Ne5 Rd5 24. f4 Nca4 25. Rab1 Nc4 26. Re2 Nxe5 27.
fxe5 Rxe5 28. Rxe5 Qxe5 29. Qf3 Nc5 30. Kf1 Qe4 31. Rd1 Rd8 32. Qxe4 Nxe4 33.
Ke2 Kh7 34. Ke3 Nd6 35. Ke2 Nc4 36. b3 Nb6 37. Rd3 Nd5 38. g3 Rc8 39. Kd2 Kg6
40. Nf3 f6 41. Nd4 e5 42. Nxb5 axb5 43. Rxd5 Ra8 44. Rxb5 Rxa2+ 45. Ke3 Kf5 46.
c4 Rxh2 47. c5 Rc2 48. Kd3 Rc1 49. Kd2 Ra1 50. c6 Ke6 51. c7 Ra8 52. Rb8 Rxb8
53. cxb8=Q Kf5 54. Ke3 Kg4 55. Kf2 g5 56. Qc8+ f5 57. b4 h5 58. Qd7 h4 59. Qd1+
Kh3 60. gxh4 gxh4 61. Qf3+ 1-0

[Event "1. Wolfgang-Schoebel-Gedenkturnier"]
[Site "Schoeneck"]
[Date "2017.12.28"]
[Round "3"]
[White "Dolzhykova, Kateryna"]
[Black "Hankel, Dennis"]
[Result "1-0"]
[WhiteElo "2238"]
[BlackElo "2128"]
[PlyCount "117"]
[EventDate "2017.12.27"]
[EventType "swiss"]
[EventRounds "7"]
[EventCountry "GER"]

1. e4 c6 2. d4 d5 3. Nd2 dxe4 4. Nxe4 Nf6 5. Nxf6+ exf6 6. c3 Bd6 7. Bd3 O-O 8.
Qc2 Re8+ 9. Ne2 Kh8 10. Be3 Be6 11. h4 Qa5 12. h5 f5 13. Kf1 Nd7 14. b4 Qd8 15.
Bxf5 Qf6 16. Bxe6 Rxe6 17. Rh3 Rae8 18. Qd2 Nb6 19. Kg1 Qf5 20. h6 Rg6 21.
hxg7+ Rxg7 22. Bh6 Rg6 23. Ng3 Qe6 24. Bf4 Nc4 25. Qc1 a5 26. Bxd6 Qxd6 27.
bxa5 c5 28. Qf1 Qd5 29. Rh5 Qe6 30. Rxc5 Nd6 31. Re5 Qd7 32. Rxe8+ Qxe8 33. Re1
Qa4 34. Qe2 Re6 35. Qd1 Qxa2 36. Rxe6 Qxe6 37. Qh5 f6 38. Qh6 Kg8 39. Nh5 Ne8
40. Qf4 Qe1+ 41. Kh2 Qxc3 42. Nxf6+ Nxf6 43. Qxf6 Qxa5 44. Qe6+ Kg7 45. Qd7+
Kg6 46. Qxb7 Qh5+ 47. Kg3 Qg5+ 48. Kf3 Qf5+ 49. Ke3 Qg5+ 50. Kd3 Qc1 51. Qe4+
Kg7 52. d5 Qf1+ 53. Ke3 Qc1+ 54. Kf3 Qa3+ 55. Kg4 Qf8 56. Qe5+ Kg8 57. f4 Qd8
58. Qe6+ Kh8 59. d6 1-0

[Event "1. Wolfgang-Schoebel-Gedenkturnier"]
[Site "Schoeneck"]
[Date "2017.12.28"]
[Round "3"]
[White "Eull, Emil"]
[Black "Jung, Kenny"]
[Result "1-0"]
[WhiteElo "1167"]
[BlackElo "1462"]
[PlyCount "103"]
[EventDate "2017.12.27"]
[EventType "swiss"]
[EventRounds "7"]
[EventCountry "GER"]

1. e4 e5 2. Nf3 Nc6 3. d4 exd4 4. Nxd4 Bc5 5. Be3 Qf6 6. c3 Nxd4 7. Bxd4 Bxd4
8. Qxd4 d6 9. Bc4 Be6 10. Bxe6 fxe6 11. O-O Ne7 12. Nd2 Nc6 13. Qe3 h5 14. Qf3
O-O-O 15. Qxf6 gxf6 16. Nf3 Rdg8 17. Nd4 Nxd4 18. cxd4 Rg5 19. a4 d5 20. f3
Rhg8 21. Rf2 h4 22. Re1 Kd7 23. Re3 Ke7 24. Rfe2 Kd7 25. b4 h3 26. g3 f5 27.
exd5 exd5 28. Re7+ Kc8 29. Re8+ Rxe8 30. Rxe8+ Kd7 31. Rh8 Rg6 32. Rxh3 Rc6 33.
Rh7+ Kc8 34. Rf7 Rc4 35. Rxf5 Rxd4 36. a5 Rxb4 37. Rxd5 c6 38. Re5 Rb5 39. Rxb5
cxb5 40. Kf2 Kd7 41. Ke3 Kc6 42. Kd4 Kd6 43. h4 Ke6 44. Kc5 a6 45. f4 Kf5 46.
h5 Kf6 47. g4 Kg7 48. f5 Kh7 49. g5 Kg7 50. h6+ Kf7 51. f6 Kg6 52. Kb4 1-0

[Event "1. Wolfgang-Schoebel-Gedenkturnier"]
[Site "Schoeneck"]
[Date "2017.12.28"]
[Round "3"]
[White "Everett, Elijah"]
[Black "Nazarenus, Moritz"]
[Result "1-0"]
[WhiteElo "2189"]
[BlackElo "2261"]
[PlyCount "115"]
[EventDate "2017.12.27"]
[EventType "swiss"]
[EventRounds "7"]
[EventCountry "GER"]

1. e4 c6 2. d4 d5 3. Nd2 dxe4 4. Nxe4 Bf5 5. Ng3 Bg6 6. h4 h6 7. Nf3 Nf6 8. h5
Bh7 9. Bd3 Bxd3 10. Qxd3 e6 11. Bf4 Bb4+ 12. c3 Be7 13. O-O-O O-O 14. Kb1 Qd5
15. c4 Qa5 16. Ne5 Na6 17. Ne4 Rad8 18. Nxf6+ Bxf6 19. Qe4 Nb8 20. Rd3 Nd7 21.
Ra3 Qb6 22. Rb3 Qa6 23. Ra3 Qb6 24. Be3 Qc7 25. f4 a6 26. g4 c5 27. Nxd7 Rxd7
28. dxc5 Rfd8 29. g5 hxg5 30. fxg5 Bd4 31. g6 Qxc5 32. gxf7+ Rxf7 33. Qxe6 Bxe3
34. Rxe3 Rd6 35. Qe8+ Rf8 36. Qe4 Qf5 37. Qxf5 Rxf5 38. Re7 b6 39. Rg1 Rf7 40.
Rxf7 Kxf7 41. Kc2 Rc6 42. Kd3 Rc5 43. Rg6 b5 44. Rxa6 Rxc4 45. h6 gxh6 46. Rxh6
Rc5 47. Rh2 Ke7 48. Rc2 Rh5 49. Kc3 Kd6 50. Kb4 Rg5 51. Ka5 Rh5 52. b4 Rg5 53.
Kb6 Rd5 54. Rc6+ Kd7 55. Rc5 Rd2 56. Kxb5 Rxa2 57. Kb6 Ra8 58. b5 1-0

[Event "1. Wolfgang-Schoebel-Gedenkturnier"]
[Site "Schoeneck"]
[Date "2017.12.28"]
[Round "3"]
[White "Froehlich Dill, Astrid"]
[Black "Pomrehn, Ole Magnus"]
[Result "1-0"]
[WhiteElo "1817"]
[BlackElo "1535"]
[PlyCount "79"]
[EventDate "2017.12.27"]
[EventType "swiss"]
[EventRounds "7"]
[EventCountry "GER"]

1. d4 d5 2. Nf3 Nf6 3. c4 c6 4. e3 Bg4 5. Nc3 e6 6. Bd3 Bd6 7. h3 Bh5 8. Bd2
Nbd7 9. cxd5 exd5 10. O-O O-O 11. a3 a5 12. Be2 Bg6 13. Nh4 Re8 14. Nxg6 hxg6
15. Rc1 Ne4 16. Nxe4 Rxe4 17. f4 Re8 18. Qb3 Qb6 19. Qa2 Nf6 20. Bf3 Ne4 21.
Bxe4 Rxe4 22. Rf3 Ree8 23. Qb1 a4 24. h4 Re4 25. g4 Qd8 26. g5 Qd7 27. Kf2 Ra6
28. Rh1 Kf8 29. h5 gxh5 30. Rxh5 Qf5 31. Qh1 g6 32. Rh8+ Ke7 33. Qh7 Qd7 34.
Qg7 Qc7 35. Rf8 Kd7 36. Rxf7+ Re7 37. Qxg6 Rxf7 38. Qxf7+ Be7 39. Qf5+ Ke8 40.
Rh3 1-0

[Event "1. Wolfgang-Schoebel-Gedenkturnier"]
[Site "Schoeneck"]
[Date "2017.12.28"]
[Round "3"]
[White "Grzeschniok, Anton"]
[Black "Dunsbach, Ralf"]
[Result "0-1"]
[WhiteElo "1876"]
[BlackElo "2206"]
[PlyCount "92"]
[EventDate "2017.12.27"]
[EventType "swiss"]
[EventRounds "7"]
[EventCountry "GER"]

1. e4 c5 2. Nf3 d6 3. d4 cxd4 4. Nxd4 Nf6 5. Nc3 g6 6. Be3 Bg7 7. Bc4 O-O 8.
Bb3 Nc6 9. Qd2 Ng4 10. Nxc6 bxc6 11. Bd4 Bh6 12. Qd3 e5 13. Be3 Nxe3 14. fxe3
Qg5 15. Kf2 Be6 16. Rhe1 Rad8 17. Kg1 d5 18. exd5 cxd5 19. e4 dxe4 20. Nxe4 Qe7
21. Qf3 Bxb3 22. axb3 f5 23. Nc3 e4 24. Qe2 Qc5+ 25. Qf2 e3 26. Qf3 Rfe8 27.
Re2 Bg7 28. h3 h5 29. Kh1 Rd2 30. Rae1 Rxe2 31. Rxe2 Bxc3 32. bxc3 Qxc3 33.
Qd5+ Kf8 34. Qd6+ Kf7 35. Qd5+ Re6 36. Qd7+ Re7 37. Qd5+ Kg7 38. Qd6 Qf6 39.
Qd3 f4 40. c4 a5 41. Qd5 Qe5 42. Qxe5+ Rxe5 43. Kg1 g5 44. g4 hxg4 45. hxg4 f3
46. Ra2 e2 0-1

[Event "1. Wolfgang-Schoebel-Gedenkturnier"]
[Site "Schoeneck"]
[Date "2017.12.28"]
[Round "3"]
[White "Kirchner, Stefan"]
[Black "Penzel, Nils"]
[Result "0-1"]
[WhiteElo "1533"]
[BlackElo "2146"]
[PlyCount "74"]
[EventDate "2017.12.27"]
[EventType "swiss"]
[EventRounds "7"]
[EventCountry "GER"]

1. e4 e6 2. d4 d5 3. Nd2 Nc6 4. c3 e5 5. Bb5 exd4 6. Ndf3 dxe4 7. Nxd4 Bd7 8.
Nge2 Nxd4 9. Nxd4 Bxb5 10. Nxb5 Qxd1+ 11. Kxd1 O-O-O+ 12. Ke2 Bc5 13. b4 Bb6
14. a4 c6 15. a5 Bxf2 16. Kxf2 cxb5 17. Be3 a6 18. Bb6 Rd6 19. Rad1 Rxd1 20.
Rxd1 Ne7 21. g4 g6 22. Rd4 f5 23. gxf5 gxf5 24. Ke3 Rf8 25. Bc5 Rf7 26. Bb6 Rf8
27. Bc5 Re8 28. Bb6 Ng6 29. Rd5 f4+ 30. Ke2 Ne5 31. Rc5+ Kd7 32. Rc7+ Kd6 33.
Rxh7 f3+ 34. Kf1 Nd3 35. Rh6+ Re6 36. Rh8 Kd5 37. Bd4 e3 0-1

[Event "1. Wolfgang-Schoebel-Gedenkturnier"]
[Site "Schoeneck"]
[Date "2017.12.28"]
[Round "3"]
[White "Ochs, Daniel Elias"]
[Black "Rabiya, Karim"]
[Result "1-0"]
[WhiteElo "1614"]
[BlackElo "1890"]
[PlyCount "43"]
[EventDate "2017.12.27"]
[EventType "swiss"]
[EventRounds "7"]
[EventCountry "GER"]

1. d4 Nf6 2. Nf3 c5 3. c3 e6 4. Bg5 cxd4 5. cxd4 Bb4+ 6. Nc3 Qa5 7. Bxf6 Bxc3+
8. bxc3 Qxc3+ 9. Nd2 Nc6 10. Bxg7 Rg8 11. Bf6 Rg6 12. Be5 f6 13. Rc1 Qa5 14.
Bg3 Nxd4 15. e3 Nf5 16. Bd3 b6 17. Qh5 Bb7 18. Bxf5 exf5 19. Qxh7 Rg4 20. h3
Ra4 21. Bd6 Re4 22. Qg8# 1-0

[Event "1. Wolfgang-Schoebel-Gedenkturnier"]
[Site "Schoeneck"]
[Date "2017.12.28"]
[Round "3"]
[White "Poetsch, Gero"]
[Black "Meyer, Kai Christian"]
[Result "1/2-1/2"]
[WhiteElo "1928"]
[BlackElo "2153"]
[PlyCount "47"]
[EventDate "2017.12.27"]
[EventType "swiss"]
[EventRounds "7"]
[EventCountry "GER"]

1. e4 c6 2. Nc3 d5 3. Nf3 Nf6 4. e5 Ne4 5. d4 Bg4 6. Be2 Nxc3 7. bxc3 e6 8. a4
Be7 9. O-O O-O 10. Nd2 Bxe2 11. Qxe2 c5 12. Ba3 cxd4 13. Bxe7 Qxe7 14. cxd4 Rc8
15. c4 dxc4 16. Nxc4 Nc6 17. Nd6 Rd8 18. Qe4 Rxd6 19. exd6 Qxd6 20. Rab1 Qd7
21. Rfd1 Rd8 22. Rb2 h6 23. Rbd2 Nb4 24. a5 1/2-1/2

[Event "1. Wolfgang-Schoebel-Gedenkturnier"]
[Site "Schoeneck"]
[Date "2017.12.28"]
[Round "3"]
[White "Poetsch, Hagen"]
[Black "Engel, Berthold"]
[Result "1-0"]
[WhiteElo "2485"]
[BlackElo "2149"]
[PlyCount "81"]
[EventDate "2017.12.27"]
[EventType "swiss"]
[EventRounds "7"]
[EventCountry "GER"]

1. e4 e6 2. d4 d5 3. Nc3 Nf6 4. e5 Ng8 5. Nf3 b6 6. Bb5+ c6 7. Ba4 Ba6 8. Ne2
Bb5 9. Bxb5 cxb5 10. O-O Be7 11. Qd3 a6 12. a4 bxa4 13. Rxa4 b5 14. Ra2 h5 15.
Bd2 Nh6 16. Nf4 h4 17. b3 Nf5 18. c4 bxc4 19. bxc4 g5 20. Nxd5 g4 21. Nxe7 Qxe7
22. Qe4 Ra7 23. Rb1 Qc7 24. Rab2 Nc6 25. Qxg4 Kd7 26. Qe4 Rc8 27. d5 Nd8 28.
Be3 Raa8 29. dxe6+ fxe6 30. Rb7 Nxb7 31. Rxb7 Rab8 32. Rxc7+ Rxc7 33. h3 Rb4
34. Qd3+ Ke8 35. Ng5 Rc6 36. Nxe6 Nxe3 37. Qd8+ Kf7 38. Qd7+ Kg6 39. Nf8+ Kg5
40. Qe7+ Kf5 41. Qxb4 1-0

[Event "1. Wolfgang-Schoebel-Gedenkturnier"]
[Site "Schoeneck"]
[Date "2017.12.28"]
[Round "3"]
[White "Romero Flores, Antonio"]
[Black "Becker, Peter"]
[Result "1-0"]
[WhiteElo "1884"]
[BlackElo "1851"]
[PlyCount "57"]
[EventDate "2017.12.27"]
[EventType "swiss"]
[EventRounds "7"]
[EventCountry "GER"]

1. e4 d6 2. d4 Nf6 3. f3 g6 4. Be3 Bg7 5. Qd2 O-O 6. Bh6 e5 7. Ne2 Nc6 8. Bxg7
Kxg7 9. Nbc3 d5 10. dxe5 Nxe5 11. O-O-O c6 12. Qd4 Re8 13. f4 Nc4 14. b3 Nb6
15. h3 Be6 16. e5 Nfd7 17. g4 c5 18. Qf2 d4 19. Ne4 Bd5 20. N2g3 Bxe4 21. Nxe4
Nd5 22. Nxc5 Nxc5 23. Qxd4 Ne6 24. Qxd5 Qxd5 25. Rxd5 Nxf4 26. Rd7 b6 27. Bc4
Ne6 28. Rf1 Rf8 29. Bxe6 1-0

[Event "1. Wolfgang-Schoebel-Gedenkturnier"]
[Site "Schoeneck"]
[Date "2017.12.29"]
[Round "4"]
[White "Becker, Peter"]
[Black "Damljanovic, Sreten"]
[Result "1-0"]
[WhiteElo "1851"]
[BlackElo "1533"]
[PlyCount "147"]
[EventDate "2017.12.27"]
[EventType "swiss"]
[EventRounds "7"]
[EventCountry "GER"]

1. f4 e6 2. Nf3 Nf6 3. e3 b6 4. b3 Bb7 5. Bb2 Be7 6. c4 d5 7. Nc3 O-O 8. Bd3 c5
9. O-O dxc4 10. Bxc4 Nc6 11. a3 a6 12. Qc2 b5 13. Bd3 Na5 14. Ne4 c4 15. Nxf6+
Bxf6 16. Bxh7+ Kh8 17. Bxf6 Qxf6 18. bxc4 Nxc4 19. Bd3 Rac8 20. Bxc4 Rxc4 21.
Qd1 Rd8 22. Ne5 Rc5 23. d4 Rc3 24. Re1 Kg8 25. Qd2 Rc7 26. Rac1 Rdc8 27. Rxc7
Rxc7 28. Rc1 Qe7 29. Nd3 Rxc1+ 30. Qxc1 a5 31. Qc3 Qd8 32. Qc5 Qd5 33. Qxd5
Bxd5 34. Kf2 Be4 35. Nc5 Bd5 36. e4 Bc6 37. Ke3 Kf8 38. g4 Ke7 39. f5 exf5 40.
gxf5 g6 41. d5 Be8 42. fxg6 fxg6 43. e5 b4 44. axb4 axb4 45. d6+ Kd8 46. e6 Bc6
47. Kd4 g5 48. Kc4 b3 49. Nxb3 g4 50. Kc5 Ba4 51. Nd4 Be8 52. Nc6+ Kc8 53. d7+
Bxd7 54. exd7+ Kxd7 55. Ne5+ Ke6 56. Nxg4 Kf5 57. Ne3+ Kg5 58. Kd4 Kh4 59. Nf1
Kh3 60. Ke3 Kg4 61. Kf2 Kh4 62. Kg2 Kg4 63. h3+ Kh4 64. Nh2 Kg5 65. Kg3 Kh5 66.
h4 Kg6 67. Kg4 Kh6 68. h5 Kg7 69. Kg5 Kh7 70. Ng4 Kg7 71. Ne5 Kh7 72. h6 Kh8
73. Kg6 Kg8 74. h7+ 1-0

[Event "1. Wolfgang-Schoebel-Gedenkturnier"]
[Site "Schoeneck"]
[Date "2017.12.29"]
[Round "4"]
[White "Dolzhykova, Kateryna"]
[Black "Poetsch, Hagen"]
[Result "1-0"]
[WhiteElo "2238"]
[BlackElo "2485"]
[PlyCount "119"]
[EventDate "2017.12.27"]
[EventType "swiss"]
[EventRounds "7"]
[EventCountry "GER"]

1. e4 c5 2. Nf3 d6 3. Bb5+ Nd7 4. Ba4 Ngf6 5. O-O g6 6. c3 Nxe4 7. Re1 Nef6 8.
d4 Bg7 9. dxc5 dxc5 10. Qe2 O-O 11. Qxe7 Nb6 12. Bc2 Qxe7 13. Rxe7 Nfd5 14. Re1
Bg4 15. Nbd2 Rfe8 16. Rxe8+ Rxe8 17. h3 Bf5 18. Bxf5 gxf5 19. Nf1 f4 20. g3 Nc4
21. gxf4 b5 22. Ne3 Ndxe3 23. Bxe3 Nxb2 24. Bxc5 Bxc3 25. Kh2 f6 26. Bxa7 Nd3
27. Rg1+ Kf7 28. Be3 Nb4 29. a3 Nd5 30. Bc1 Re2 31. Rd1 Nb6 32. Be3 Nc4 33. Bc5
Ke6 34. Rd8 Ra2 35. Kg3 Bb2 36. Kg4 h5+ 37. Kxh5 Kf5 38. Re8 Kxf4 39. Nh4 Be5
40. Ng6+ Kf3 41. Re6 Ke4 42. Nxe5 fxe5 43. Rf6 Ra1 44. h4 Nd2 45. Kh6 Kd5 46.
Bb4 Ne4 47. Rf8 Ke6 48. Re8+ Kf6 49. f4 Rh1 50. Rf8+ Ke6 51. f5+ Kd7 52. Rf7+
Kc6 53. Be7 Ng3 54. Bg5 e4 55. Kg6 e3 56. Re7 e2 57. f6 e1=Q 58. Rxe1 Rxe1 59.
f7 Rf1 60. Bf6 1-0

[Event "1. Wolfgang-Schoebel-Gedenkturnier"]
[Site "Schoeneck"]
[Date "2017.12.29"]
[Round "4"]
[White "Dunsbach, Ralf"]
[Black "Casagrande, Thomas"]
[Result "1-0"]
[WhiteElo "2206"]
[BlackElo "1951"]
[PlyCount "51"]
[EventDate "2017.12.27"]
[EventType "swiss"]
[EventRounds "7"]
[EventCountry "GER"]

1. Nf3 d5 2. g3 c5 3. Bg2 Nc6 4. d4 e6 5. O-O Nf6 6. c4 Be7 7. dxc5 Bxc5 8. a3
Ne4 9. Qc2 Qb6 10. e3 a5 11. cxd5 exd5 12. Nc3 Nxc3 13. bxc3 Be6 14. Rb1 Qc7
15. Ng5 Rd8 16. c4 b6 17. Bb2 Ne5 18. Nxe6 fxe6 19. cxd5 exd5 20. Qa4+ Nc6 21.
Rbd1 O-O 22. Bxd5+ Rxd5 23. Rxd5 Ne7 24. Rd7 Qb8 25. Qg4 Rf7 26. Rfd1 1-0

[Event "1. Wolfgang-Schoebel-Gedenkturnier"]
[Site "Schoeneck"]
[Date "2017.12.29"]
[Round "4"]
[White "Engel, Berthold"]
[Black "Poetsch, Gero"]
[Result "1-0"]
[WhiteElo "2149"]
[BlackElo "1928"]
[PlyCount "85"]
[EventDate "2017.12.27"]
[EventType "swiss"]
[EventRounds "7"]
[EventCountry "GER"]

1. e4 e6 2. Nf3 d5 3. Nc3 Nf6 4. Bd3 Be7 5. O-O c5 6. exd5 exd5 7. Bb5+ Nc6 8.
Ne5 Qc7 9. Re1 d4 10. Nb1 Be6 11. Nxc6 bxc6 12. Be2 h5 13. d3 Ng4 14. g3 Nxf2
15. Kxf2 h4 16. Bf4 hxg3+ 17. hxg3 Qd7 18. Rh1 O-O-O 19. Bf3 g5 20. Bd2 Bd5 21.
c4 dxc3 22. Nxc3 Rxh1 23. Qxh1 g4 24. Be4 Bf6 25. Be3 Rh8 26. Qg2 Be5 27. Rh1
Re8 28. Re1 Re6 29. Bxd5 Rf6+ 30. Kg1 cxd5 31. Qxd5 Qxd5 32. Nxd5 Rf3 33. Bxc5
Rxg3+ 34. Kf2 Rf3+ 35. Ke2 Bxb2 36. Bxa7 Rh3 37. Bg1 Rh5 38. Nb6+ Kd8 39. Nc4
Bg7 40. Rf1 f5 41. Nd6 f4 42. Rxf4 Be5 43. Nf7+ 1-0

[Event "1. Wolfgang-Schoebel-Gedenkturnier"]
[Site "Schoeneck"]
[Date "2017.12.29"]
[Round "4"]
[White "Hankel, Dennis"]
[Black "Grzeschniok, Anton"]
[Result "1-0"]
[WhiteElo "2128"]
[BlackElo "1876"]
[PlyCount "49"]
[EventDate "2017.12.27"]
[EventType "swiss"]
[EventRounds "7"]
[EventCountry "GER"]

1. e4 e5 2. Nf3 Nf6 3. Nc3 Nc6 4. Bb5 Bb4 5. O-O d6 6. Nd5 Bc5 7. d4 exd4 8.
Bg5 Be6 9. Nxd4 Bxd4 10. Qxd4 Bxd5 11. exd5 a6 12. Rfe1+ Kf8 13. dxc6 axb5 14.
cxb7 Rb8 15. Qa7 h6 16. Bxf6 gxf6 17. a4 bxa4 18. Rxa4 c5 19. Rae4 Kg7 20. Re7
Rf8 21. h4 Kh7 22. R1e3 Kh8 23. Qa4 Qb6 24. Qf4 Kh7 25. Qf5+ 1-0

[Event "1. Wolfgang-Schoebel-Gedenkturnier"]
[Site "Schoeneck"]
[Date "2017.12.29"]
[Round "4"]
[White "Meyer, Kai Christian"]
[Black "Everett, Elijah"]
[Result "1-0"]
[WhiteElo "2153"]
[BlackElo "2189"]
[PlyCount "77"]
[EventDate "2017.12.27"]
[EventType "swiss"]
[EventRounds "7"]
[EventCountry "GER"]

1. d4 Nf6 2. Nf3 g6 3. Nc3 d5 4. Bf4 Bg7 5. e3 O-O 6. Be2 c5 7. Ne5 cxd4 8.
exd4 Ne4 9. Nxe4 dxe4 10. c3 Nd7 11. Nxd7 Bxd7 12. f3 Qb6 13. Qb3 Rfe8 14. Qxb6
axb6 15. fxe4 e5 16. dxe5 Bxe5 17. O-O Kg7 18. Bc4 f6 19. Bd5 Bc6 20. a3 Rad8
21. Bxe5 Rxe5 22. c4 Bxd5 23. exd5 b5 24. b3 bxc4 25. bxc4 Re4 26. Rac1 b6 27.
Rfe1 f5 28. Rxe4 fxe4 29. Re1 Re8 30. Rb1 Rc8 31. Rb4 Kh6 32. Kf2 Kg5 33. Ke3
Kf5 34. Kd4 Ra8 35. Rxb6 Rxa3 36. g4+ Kxg4 37. Kxe4 Ra2 38. d6 Rd2 39. c5 1-0

[Event "1. Wolfgang-Schoebel-Gedenkturnier"]
[Site "Schoeneck"]
[Date "2017.12.29"]
[Round "4"]
[White "Nazarenus, Moritz"]
[Black "Ochs, Daniel Elias"]
[Result "1-0"]
[WhiteElo "2261"]
[BlackElo "1614"]
[PlyCount "67"]
[EventDate "2017.12.27"]
[EventType "swiss"]
[EventRounds "7"]
[EventCountry "GER"]

1. d4 d5 2. c4 e5 3. dxe5 d4 4. a3 Nc6 5. e3 Nge7 6. b4 Be6 7. Nf3 Bg4 8. Bb2
dxe3 9. Qxd8+ Rxd8 10. fxe3 Ng6 11. Nbd2 Be7 12. Be2 O-O 13. O-O-O Rfe8 14. h3
Be6 15. Nb3 Bf8 16. Rxd8 Rxd8 17. Rd1 Re8 18. b5 Nb8 19. Nbd4 Bc5 20. Rd3 Bxc4
21. Rc3 Bxd4 22. Nxd4 Bxe2 23. Nxe2 c6 24. Nd4 Nxe5 25. Nf5 Rd8 26. Kc2 f6 27.
a4 Kf7 28. Ba3 Kg6 29. e4 h5 30. Rg3+ Kh7 31. Rxg7+ Kh8 32. Be7 Re8 33. Bxf6
Re6 34. Rf7+ 1-0

[Event "1. Wolfgang-Schoebel-Gedenkturnier"]
[Site "Schoeneck"]
[Date "2017.12.29"]
[Round "4"]
[White "Penzel, Frank"]
[Black "Froehlich Dill, Astrid"]
[Result "0-1"]
[WhiteElo "2107"]
[BlackElo "1817"]
[PlyCount "124"]
[EventDate "2017.12.27"]
[EventType "swiss"]
[EventRounds "7"]
[EventCountry "GER"]

1. e4 e6 2. d4 b6 3. Bd3 Bb7 4. Nf3 Nf6 5. Qe2 Be7 6. Nc3 O-O 7. Bg5 c5 8. dxc5
bxc5 9. e5 Ne8 10. Ne4 h6 11. Bxe7 Qxe7 12. Qe3 c4 13. Bxc4 Bxe4 14. Qxe4 Qb4+
15. c3 Qxb2 16. O-O Nc6 17. Rfc1 g6 18. Qe3 Kg7 19. Qc5 Qb6 20. Qxb6 axb6 21.
Rab1 Ra5 22. Rd1 Nxe5 23. Nxe5 Rxe5 24. Rxd7 Nf6 25. Rb7 Rc8 26. Bf1 Rxc3 27.
R7xb6 Ra5 28. Ra6 Rxa6 29. Bxa6 Rc2 30. a4 Ra2 31. Bb5 Ne4 32. f3 Nc3 33. Rb4
Ra1+ 34. Kf2 Ra2+ 35. Kg3 g5 36. h4 Nd5 37. Rd4 Ne3 38. Rd3 Nf5+ 39. Kh3 Nxh4
40. g3 Ng6 41. Re3 h5 42. Re2 Ra3 43. Bc6 h4 44. Re1 Rc3 45. Bb7 hxg3 46. Kxg3
Ra3 47. Bc6 Kf6 48. Kf2 Ne5 49. Be4 Rxa4 50. Re2 Ra3 51. Kg2 Nd3 52. Rd2 Nf4+
53. Kf2 Ke5 54. Rb2 Nd3+ 55. Bxd3 Rxd3 56. Rb5+ Rd5 57. Rb2 f5 58. Re2+ Kf6 59.
Ra2 Rd4 60. Rb2 Ra4 61. Rc2 g4 62. fxg4 Rxg4 0-1

[Event "1. Wolfgang-Schoebel-Gedenkturnier"]
[Site "Schoeneck"]
[Date "2017.12.29"]
[Round "4"]
[White "Pomrehn, Ole Magnus"]
[Black "Jung, Kenny"]
[Result "0-1"]
[WhiteElo "1535"]
[BlackElo "1462"]
[PlyCount "104"]
[EventDate "2017.12.27"]
[EventType "swiss"]
[EventRounds "7"]
[EventCountry "GER"]

1. Nf3 Nf6 2. g3 g6 3. Bg2 Bg7 4. O-O O-O 5. d3 d6 6. c4 c5 7. Nc3 Nc6 8. Bd2
Qb6 9. Qc2 e5 10. Bg5 Be6 11. Bxf6 Bxf6 12. Ne4 Be7 13. a3 f5 14. Nc3 Qd8 15.
Rac1 Kg7 16. Qd2 Rh8 17. e3 g5 18. Ne2 h5 19. d4 e4 20. d5 exf3 21. Bxf3 Ne5
22. Bg2 Bd7 23. Qc3 Bf6 24. Qd2 h4 25. b3 Qe7 26. Rcd1 a5 27. Rc1 hxg3 28. fxg3
Ng4 29. h3 Qxe3+ 30. Qxe3 Nxe3 31. Rf3 Nxg2 32. Kxg2 Rxh3 33. Kxh3 g4+ 34. Kg2
gxf3+ 35. Kxf3 Bb2 36. Re1 Bxa3 37. Nf4 Re8 38. Rxe8 Bxe8 39. Ne6+ Kf6 40. Kf4
Bc1+ 41. Kf3 a4 42. bxa4 Bxa4 43. Nd8 b6 44. g4 fxg4+ 45. Kxg4 Bb3 46. Ne6 Bxc4
47. Nf8 b5 48. Nd7+ Ke7 49. Nb6 Bd2 50. Kf3 Ba5 51. Nc8+ Kd7 52. Na7 Bxd5+ 0-1

[Event "1. Wolfgang-Schoebel-Gedenkturnier"]
[Site "Schoeneck"]
[Date "2017.12.29"]
[Round "4"]
[White "Rabiya, Karim"]
[Black "Eull, Emil"]
[Result "1-0"]
[WhiteElo "1890"]
[BlackElo "1167"]
[PlyCount "55"]
[EventDate "2017.12.27"]
[EventType "swiss"]
[EventRounds "7"]
[EventCountry "GER"]

1. e4 e5 2. Bc4 Nf6 3. d3 h6 4. f4 Nc6 5. Nf3 exf4 6. Bxf4 d5 7. exd5 Nxd5 8.
Qe2+ Be6 9. Bxd5 Qxd5 10. Bxc7 Be7 11. Nc3 Bb4 12. O-O Nd4 13. Nxd4 Qxd4+ 14.
Kh1 Bxc3 15. bxc3 Qxc3 16. Be5 Qc6 17. Bxg7 Rh7 18. Bf6 Rc8 19. Rac1 Kd7 20. d4
Qd5 21. Qd3 Bh3 22. Qxh3+ Kc7 23. Be5+ Kd8 24. Qh4+ Kd7 25. Qg4+ Kd8 26. Qg8+
Ke7 27. Qxc8 Rg7 28. Bxg7 1-0

[Event "1. Wolfgang-Schoebel-Gedenkturnier"]
[Site "Schoeneck"]
[Date "2017.12.29"]
[Round "5"]
[White "Althaus, Lennart"]
[Black "Grzeschniok, Anton"]
[Result "0-1"]
[WhiteElo "1247"]
[BlackElo "1876"]
[PlyCount "46"]
[EventDate "2017.12.27"]
[EventType "swiss"]
[EventRounds "7"]
[EventCountry "GER"]

1. e4 c5 2. Nf3 Nc6 3. d4 cxd4 4. Nxd4 g6 5. Be3 Bg7 6. Nc3 Nf6 7. Qd2 O-O 8.
Bh6 Bxh6 9. Qxh6 Nxd4 10. O-O-O e5 11. Qg5 d6 12. f3 Be6 13. a3 Nd7 14. Qe3 Qb6
15. Qd3 Rac8 16. g4 Bc4 17. Qd2 Bxf1 18. Rhxf1 Rc7 19. h4 Rfc8 20. h5 Qa5 21.
hxg6 fxg6 22. Rh1 Rxc3 23. Rxh7 Rxc2+ 0-1

[Event "1. Wolfgang-Schoebel-Gedenkturnier"]
[Site "Schoeneck"]
[Date "2017.12.29"]
[Round "5"]
[White "Casagrande, Thomas"]
[Black "Rabiya, Karim"]
[Result "1-0"]
[WhiteElo "1951"]
[BlackElo "1890"]
[PlyCount "61"]
[EventDate "2017.12.27"]
[EventType "swiss"]
[EventRounds "7"]
[EventCountry "GER"]

1. e4 Nf6 2. e5 Nd5 3. d4 d6 4. Nf3 Bg4 5. Be2 e6 6. Ng5 Bxe2 7. Qxe2 Nc6 8.
Nf3 dxe5 9. dxe5 Bc5 10. O-O O-O 11. Rd1 Qe7 12. c4 Nb6 13. Nc3 Rad8 14. Bg5 f6
15. exf6 gxf6 16. Bh6 Rxd1+ 17. Rxd1 Rd8 18. Re1 Nd7 19. Qxe6+ Qxe6 20. Rxe6
Nce5 21. Nxe5 fxe5 22. Bg5 Rf8 23. Ne4 Rf5 24. g4 Bxf2+ 25. Kg2 Nc5 26. gxf5
Nxe4 27. Rxe5 Nxg5 28. Kxf2 Kf7 29. h4 Nh3+ 30. Kg3 Kf6 31. Re1 1-0

[Event "1. Wolfgang-Schoebel-Gedenkturnier"]
[Site "Schoeneck"]
[Date "2017.12.29"]
[Round "5"]
[White "Eull, Emil"]
[Black "Penzel, Frank"]
[Result "0-1"]
[WhiteElo "1167"]
[BlackElo "2107"]
[PlyCount "98"]
[EventDate "2017.12.27"]
[EventType "swiss"]
[EventRounds "7"]
[EventCountry "GER"]

1. e4 e5 2. Nf3 Nc6 3. d4 exd4 4. Nxd4 Bc5 5. Be3 Qf6 6. c3 Nge7 7. Bc4 Qg6 8.
O-O Ne5 9. Bd3 Nxd3 10. Qxd3 O-O 11. Re1 d5 12. Nd2 Bh3 13. g3 Bb6 14. Nb5 Rad8
15. Bxb6 Qxb6 16. Nb3 a6 17. N5d4 c5 18. exd5 Nxd5 19. Nc2 Nb4 20. Qe2 Nd3 21.
Reb1 Qc6 22. Ne3 Ne5 23. f4 Nd3 24. Rd1 Rfe8 25. Rd2 Qe4 26. Rad1 c4 27. Nc5
Qxe3+ 28. Qxe3 Rxe3 29. Nxd3 Rexd3 30. Rxd3 Rxd3 31. Rxd3 cxd3 32. Kf2 Bg4 33.
Ke3 Be2 34. b4 Kf8 35. a4 Ke7 36. c4 Kd6 37. g4 g6 38. g5 a5 39. c5+ Kd5 40. b5
Kxc5 41. h4 Kd5 42. f5 Ke5 43. fxg6 fxg6 44. Kd2 Kd4 45. b6 Bh5 46. Kc1 Kc3 47.
Kb1 d2 48. Ka1 d1=Q+ 49. Ka2 Qb3+ 0-1